000 00711nam a2200289Ia 4500
005 20260324122233.0
008 008 260324s9999 xx 000 0 eng d
020 _a9780429212680
037 _aEBOOK
040 _aCRL
040 _beng
040 _cCRL
041 _2eng
041 _aeng
084 _qCRL
100 _aGregory Rolina
_91165662
245 0 _aHuman and Organizational Factors in Nuclear Safety
245 4 _bThe French Approach to Safety Assessments
260 _bTaylor and Francis
260 _c2013
365 _a
365 _b465
856 _uhttp://www.taylorfrancis.com/books/9780429212680
942 _cEBOOK
999 _c1758243
_d1758243